TM players #2 (trackmania - english version) - Statistics

General Stats
  • This quiz has been taken 87 times
  • The average score is 29 of 127
Answer Stats
Hint Answer % Correct
Blindfold Wirtual
77%
TMGL Beta season winner Kappa
71%
Most amount of COTD wins GranaDy
66%
Storytelling Wirtual
66%
Most amount of WRs (TMNF campaign) Hefest
63%
Wirtual's smurf Mufat
63%
The ice player Micka
58%
Top 1 solo ladder TMU (before cheating scandal) Techno
58%
WR holder E05 TMNF Demon
57%
Precision player trabadia
57%
eSuba Kappa / tween / hakkiJr / kubayz
55%
WR with mouse Gwen
54%
Players promoted to TMGL Winter 2021 link / Mudda
51%
"Risk it for the biscuit" riolu / Spam
51%
The giraffe Simply Nick
51%
Ice campaigns founder Flink
48%
What does it feel like to achieve perfection in Trackmania? Rollin
48%
Most amount of TTC wins Spam
48%
Lithuanian player in TMGL B1ts
42%
Solary Cup winners in TM2020 Affi / Gwen / CarlJr
38%
Omar softyB
38%
Makes TM2020 maps prettier htimh
37%
Team PAX Badlulu / Scrapie / Cocow
35%
Double pole facepalm in TMGL Bren / Pac
35%
2nd biggest earnings (all TM games combined) frostBeule
35%
Has never reached TMGL playoffs in 4 seasons Massa
35%
First player to reach finalist status ZRT Cup 2019 Grand Final Bren
34%
Hockolicious' mapper Hock
34%
4Wheels Austrian players PokeR / asserich
34%
Have lost their 1v1 to get promoted to TMGL Soulja / GranaDy
34%
Maniaplanet World Cup 2016 winner Pac
32%
First player to reach Master grade in matchmaking Scrapie
32%
Haven't qualified but played TMGL Beta season Grand Final Pac / Bren
31%
Hungarian player in Combine Eger
29%
Matt's mate at ZRT Cup 2019 ReVoLuTioN
29%
Hot Tub stream Scrapie
29%
Has been elected videomaker of the year several times Shortz
29%
Czech influencer (YouTube/Tiktok) Tortugo
29%
Has hidden then revealed a cut in ZRT Cup 2020 Grand Final Aurel
28%
2nd German Trackmania Cup 2021 DexteR
28%
Danish player in TMGL Dunste
28%
Forza Uganda top 16 OGL Otaaaq
28%
Winter 2021 Campaign winner racehans
28%
Shitfest's organizer Taxon
28%
Has casted tween and Kappa in TMGL GGeek
26%
Huntmania's founder NMD / Eirik Holdal
26%
4 times GA Fullspeed winner KiD
25%
TM Formula League Season 2 winner Patrose
25%
5th German in earnings riolu
25%
TMSchool founder Aqlx
23%
Tri(vi)al pour Bren
23%
World Record History of A01 Race DarkLink
23%
OmnipotZ's previous nickname EpiK
23%
Has discovered the inconsistencies of 2 wheels tricks (TM2020) erizel
23%
Cyber Games 2009 winner KarjeN
23%
The player that Lando Norris absolutely wanted to beat on Summer 2020 - 02 SRK
23%
ESWC 2007 winner XeNoGear
23%
Amélie Castelnérac Alinoa
22%
Has lost a 1v1 0-7 against Pac (TM2020) KarjeN
22%
Swedish weeb keby
22%
Madagascar Papou
22%
Have played for acer and dignitas Sabre / nugget / Tamarillo
20%
Have played for expert orange and expert black serbi / Royal
20%
Fall 2020 campaign speedrun discovery winner Yannex
20%
ManiaBest Hylis
18%
Portugese players in dignitas Moriah / DVD
18%
Dignitas' British caster r2k
18%
Pulse/exalty Affi / Vulnerra
17%
French player in Sampi Kronos
17%
1st of a senseless round (GA 2021 online) Feed
15%
Venture's dirt players Fire / Cocho
15%
Player having the widest resolution in the game hugo220
15%
Mapper of the year 2020 Keissla
15%
THC/Q/Devils One MarciN / evoN
15%
"I have what it takes to be a world champion" Mudda
15%
4th From Zero To Hero solo Novis
15%
Has saved KarjeN in TTC by facepalming the finish Schumi
15%
Has ragequitted TTCs because the admins were playing them frostBeule
14%
Tsun players Winter 2021 combine Jean-René / Utaa
14%
Last TTC winner link
14%
Russian tech players Neuro / Shibala
14%
Non-German Euronics player Tamarillo
14%
God on Usinaturechicane CarlJr
12%
Suit Cup #1 winner Loudis
12%
Massa's smurf at World Cup Peti
12%
Equador related player Ener
11%
Sneezes and becomes Robocop matt
11%
Has participated in the making of TM2020 official skins Peiks
11%
4th Gamers Assembly 2021 online Ratchet
11%
BX3 player busted for cheating Xerkoo
11%
Has collected the least amount of points during a TMGL season (8 points) zBurst
11%
Kicked off GameWard Ayako
9%
???/insects/WanteD Dark
9%
SantaCow Cup winner Panda
9%
Have reached ZRT semi finals for the first time at ZRT 2020 Yannex / Xerar
9%
TM Formula League/DDE organizer Boss Bravo
8%
Were cheating according to Milmy Complex / Novis / keNz
8%
E-Corp manager mAss
8%
4th OGL Winter season 2021 MiQuatro
8%
Affi's mate at GameWard Cup #1 Vulnerra
8%
GameWard Cup #3 winner Carl
6%
Skinner top 17 CDF 2021 collor
6%
Haëdra's mate at ZRT Cup 2019 Jaja
6%
Trackmania Climate Fundraiser winner mime
6%
Unknown mapper who became TMGL mapper Popouette
6%
Luxembourgish player in ZRT 1/4 finals Steph
6%
link's mate at GameWard Cup #2 Binks
5%
aAa/eXes/cty Cap
5%
Has won Lyon eSport's amateur tournament Cap
5%
GranaDy's mate at GameWard Cup #1 Dionysos
5%
Top 5-6 Lyon Esport MathiCs / Cocow
5%
Banned 5 years of Trackmania Pro League Ringoa
5%
Has choked the victory in KCup (Kameto Cup) Aurel
3%
The only player that did not go to stage after qualifying for ZRT semi final BossWanted
3%
Has won 45€ in a tournament without even qualifying himself in the first place MagoriaN
3%
3DMAX Dirt Supremacy winner SPEED U NEED
3%
1/4 ZRT Cup 2020 at the camping Worker
3%
cm/nLt/Reflex Wosile
3%
Proxiz Esport founders C0unt / Jonat
2%
beGenius/Lambda Kappa Cobrask
2%
Sam's previous nickname Ezpowa
2%
Has built the map Auchan Nida
2%
Security Trophy winner NRGZ
2%
Pittsburgh Knights All Rounder Circuit winner Shockeur
2%
3rd Mister Auto Cup Thomas Jean
2%
L'arène des neiges WR holder Tjalic
2%
cm/Pandaria/cty MimoJr
0%
No matching quizzes found
Score Distribution
Percent of People with Each Score
Percentile by Number Answered
Your Score History
You have not taken this quiz